Fábula de una verdad

Збережено в:
Бібліографічні деталі
Автор: Lars, Claudia
Формат: Книга
Мова:Undetermined
Опубліковано: San Salvador, El Salvador Ministerio de Cultura 1959
Предмети:
Теги: Додати тег
Немає тегів, Будьте першим, хто поставить тег для цього запису!

MARC

LEADER 00000nam a2200000Ia 4500
008 170316s9999 xx 000 0 und d
040 |a cru BVZT 
090 |a 860 L-8f 
100 |a Lars, Claudia 
245 |a Fábula de una verdad 
260 |a San Salvador, El Salvador 
260 |b Ministerio de Cultura 
260 |c 1959 
300 |a 92 páginas 
650 |a LITERATURA LATINOAMERICANA 
999 |c 8897  |d 8897 
942 |c 15 D  |h 860 L-8f  |2 z